Informáciu treba vedieť využiť
Každodenný chod organizácie a zálohovanie dát. Manažment a zavádzanie postupov pri správe dát. Päť požiadaviek pre kvalitné rozdelenie klasifikácie dát. Špecifické úlohy každého oddelenia vo firme. Správna dokumentácia a aktualizácia dát.
Na minha lista:
| Autor principal: | |
|---|---|
| Formato: | Capítulo de Livro |
| Idioma: | eslovaco |
| Assuntos: | |
| Tags: |
Sem tags, seja o primeiro a adicionar uma tag!
|
MARC
| LEADER | 00000naa a2200000 4500 | ||
|---|---|---|---|
| 001 | 0117845 | ||
| 005 | 20231011072212.0 | ||
| 041 | 0 | |a slo | |
| 044 | |a CZ | ||
| 245 | 1 | 0 | |a Informáciu treba vedieť využiť |c Peter Skalka |
| 520 | |a Každodenný chod organizácie a zálohovanie dát. Manažment a zavádzanie postupov pri správe dát. Päť požiadaviek pre kvalitné rozdelenie klasifikácie dát. Špecifické úlohy každého oddelenia vo firme. Správna dokumentácia a aktualizácia dát. | ||
| 610 | 2 | 0 | |a informácie |
| 610 | 2 | 0 | |a distribúcia informácií |
| 610 | 2 | 0 | |a zber dát |
| 610 | 2 | 0 | |a prenos dát |
| 610 | 2 | 0 | |a štruktúra dát |
| 610 | 2 | 0 | |a vstupy |
| 610 | 2 | 0 | |a výstupy |
| 610 | 2 | 0 | |a zdroje informácií |
| 610 | 2 | 0 | |a uchovávanie dát |
| 610 | 2 | 0 | |a výkony podnikové |
| 100 | 1 | |a Skalka, Peter | |